Minecraft Soundtrack - Statistics

General Stats
  • This quiz has been taken 138 times
    95 since last reset
  • The average score is 29 of 72
Answer Stats
Hint Answer % Correct
Volume Alpha Sweden
87%
Volume Alpha Cat
75%
Volume Alpha Minecraft
75%
Volume Alpha Thirteen
69%
Volume Alpha Dog
67%
Volume Alpha Mice on Venus
67%
Minecraft: Nether Update Pigstep
67%
Volume Alpha Wet Hands
67%
Volume Alpha Dry Hands
65%
Volume Beta Eleven
65%
Volume Beta Aria Math
62%
Volume Alpha Moog City
56%
Volume Beta Mellohi
54%
Volume Beta Stal
54%
Volume Alpha Subwoofer Lullaby
54%
Volume Beta Moog City 2
52%
Volume Beta Chirp
50%
Volume Alpha Key
50%
Volume Alpha Droopy Likes Your Face
48%
Volume Beta Strad
48%
Volume Alpha Living Mice
46%
Volume Beta Wait
46%
Volume Beta Alpha
44%
Volume Beta Blocks
44%
Volume Alpha Danny
44%
Volume Alpha Door
44%
Volume Alpha Droopy Likes Ricochet
44%
Volume Beta Mall
44%
Volume Beta Ward
44%
Volume Alpha Beginning
42%
Volume Alpha Death
42%
Minecraft: Caves & Cliffs Otherside
42%
Volume Beta The End
42%
Volume Beta Beginning 2
40%
Volume Alpha Clark
40%
Volume Beta Haunt Muskie
40%
Volume Beta Concrete Halls
38%
Volume Alpha Équinoxe
38%
Minecraft: Wild Update Five
38%
Volume Beta Floating Trees
38%
Volume Beta Dead Voxel
37%
Volume Beta Far
37%
Volume Beta Ki
37%
Volume Beta Kyoto
37%
Volume Beta Taswell
37%
Volume Alpha Oxygène
35%
Volume Beta Ballad of the Cats
33%
Volume Beta Blind Spots
33%
Volume Beta Dreiton
33%
Volume Alpha Chris
31%
Volume Beta Mutation
31%
Volume Beta Flake
29%
Volume Alpha Haggstorm
29%
Minecraft: Nether Update Rubedo
29%
Volume Beta Biome Fest
27%
Minecraft: Caves & Cliffs Infinite Amethyst
27%
Volume Beta Intro
27%
Minecraft: Wild Update Aerie
25%
Volume Alpha Excuse
25%
Minecraft: Caves & Cliffs Wending
23%
Minecraft: Caves & Cliffs Ancestry
21%
Minecraft: Nether Update Chrysopoeia
21%
Minecraft: Caves & Cliffs Comforting Memories
21%
Minecraft: Wild Update Labyrinthine
21%
Minecraft: Caves & Cliffs Left to Bloom
21%
Minecraft: Nether Update So Below
21%
Volume Beta Warmth
21%
Minecraft: Caves & Cliffs One More Day
19%
Minecraft: Caves & Cliffs An Ordinary Day
17%
Minecraft: Wild Update Firebugs
17%
Minecraft: Caves & Cliffs Floating Dream
17%
Minecraft: Caves & Cliffs Stand to Tall
10%
No matching quizzes found
Score Distribution
Percent of People with Each Score
Percentile by Number Answered
Your Score History
You have not taken this quiz since the last reset